Aritmética : teoría-practica con 7008 ejercicios y problemas
| Main Author: | |
|---|---|
| Format: | Section = Libro |
| Language: | Undetermined Spanish |
| Published: |
México
Publicaciones Culturales
1994
|
| Subjects: |
| LEADER | 00587nam a2200217Ia 4500 | ||
|---|---|---|---|
| 008 | 240829s9999 xx 000 0 und d | ||
| 020 | |a 968-439-213-3 | ||
| 040 | |a BIBLIOTECA-RUSB/ 513.1 B178 | ||
| 041 | |a spa | ||
| 082 | |a 513.1 B178 | ||
| 100 | 1 | |a Baldor, Aurelio | |
| 245 | 1 | 0 | |a Aritmética : teoría-practica con 7008 ejercicios y problemas |
| 260 | |a México |b Publicaciones Culturales |c 1994 | ||
| 300 | |a 639 p. | ||
| 650 | 7 | |a ARITMETICA | |
| 650 | 7 | |b MULTIPLICACION | |
| 650 | 7 | |c DIVISION (ARITMETICA) | |
| 650 | 7 | |d FRACCIONES | |
| 942 | |c BK |2 ddc | ||
| 991 | |a TEXTO | ||
| 999 | |c 1541 | ||